00532 2200205 4500001002100000005001500021008004100036020002200077035001900099041000700118082001000125090001600135100002000151245005700171250000600228260004000234300002500274500001100299650001600310INLIS00000000000134620241224112331241224||||||||| | ||| |||| || |  a978-979-769-549-1 0010-1224001346 aid0 a370.1 a370.1 RAK p0 aRakhmat Hidayat00aPedagogi Kritis: Sejarah, Perkembangan dan Pemikiran a1 aJakartabRajaGrafindo Persadac2013 aLxx, 292 hlm.; 23 cm aCet. 1 0aIlmu Sosial